Sao Tome and principe update (Record no. 56964)

MARC details
000 -LEADER
fixed length control field 00638nam a2200169 a 4500
008 - FIXED-LENGTH DATA ELEMENTS--GENERAL INFORMATION
fixed length control field 060623s2004 ||||||||||||||||| || u
050 ## - LIBRARY OF CONGRESS CALL NUMBER
Classification number ISS(05)SR/4
100 ## - MAIN ENTRY--PERSONAL NAME
Personal name Seibert, Gerhard
245 10 - TITLE STATEMENT
Title Sao Tome and principe update
Statement of responsibility, etc. by Gerhard Seibert
260 ## - PUBLICATION, DISTRIBUTION, ETC.
Place of publication, distribution, etc. Pretoria
Name of publisher, distributor, etc. Institute for Security Studies
Date of publication, distribution, etc. 2004
300 ## - PHYSICAL DESCRIPTION
Extent 17p.
350 ## - PRICE (NR) (BK AM CF MU VM SE) [OBSOLETE]
Price 0.00
490 ## - SERIES STATEMENT
Series statement Institute for Security Studies, situation report
500 ## - GENERAL NOTE
General note april 2004
650 ## - SUBJECT ADDED ENTRY--TOPICAL TERM
Topical term or geographic name entry element OIL FIELDS--SAO TOME
995 ## - RECOMMENDATION 995 [LOCAL, UNIMARC FRANCE]
-- 0.00
-- CBU-MAIN LIBRARY (Kitwe)
-- 1
-- 0.00
-- 1
-- AVAILABLE
-- Jun 23, 2006
-- International Publications
Holdings
Withdrawn status Lost status Source of classification or shelving scheme Damaged status Not for loan Home library Current library Shelving location Date acquired Total Checkouts Full call number Barcode Date last seen Price effective from Koha item type
          CBU-MAIN LIBRARY, KITWE. CBU-MAIN LIBRARY, KITWE.   11/30/2022   ISS(05)SR/4 Z03000564 11/30/2022 11/30/2022 MONOGRAPH